000 00598cam a22002053a 4500
001 45159
003 PGUSA
005 20140828084031.0
008 140317s2014||||xxu|||||s|||||000 | eng d
040 _aPGUSA
_beng
042 _adc
100 1 _aRúmí, Jalálu'd-dín
245 1 0 _aJalálu'd-dín Rúmí :
_bThe Persian Mystics
_h[electronic resource] /
_cJalálu'd-dín Rúmí
260 _bProject Gutenberg,
_c2014
506 _aPublic domain in the USA.
516 _aElectronic text
830 0 _aProject Gutenberg
_v45159
856 4 0 _uhttp://www.gutenberg.org/ebooks/45159
942 _cEB
999 _c274410
_d274410